01443nam a2200337 a 4500001001000000003000500010005001700015008004100032010001100073011001100084040000900095090001000104100004000114245017600154260004100330500006000371502007700431590004100508590004000549590004000589650003000629650003000659650002800689856007000717901000700787942001000794942000600804999001900810952014000829952013600969000110912CHAP20220329144150.0141021s2014 mx sm |||||||spa d a107374 a108346 cCHAP aTesis1 aSantiago Martínez, Lucila912867610aEfecto del despunte sobre crecimiento y diferenciación floral de vid (Vitis vinifera L.) carignane en Fresnillo, Zacatecash[En línea]cpor Lucila Santiago Martínez. aChapingo, Méx. :bEl autor,c2014. aPara ver el contenido del material haga clic en la liga aTesis (Ing. Agr. Esp. en Fitotecnia) -- UACH. Departamento de Fitotecnia aE11695DGDb10c20141024lUCH01h0823 aE6096MTMb05c20141021lUCH01h1100 aE6096MTMb05c20141021lUCH01h110814aVidxCrecimiento.911910314aVidxFloración.911911514aVidxZacatecas.9119144 aFinding aiduhttp://10.13.5.2/tesis/sist110912.pdfzTeclea aquí aBK cTESIS n0 c107374d107374 00102local4053708TESISaBCbBCcPA_TESISd2014-10-21fTESISl0oTesisp33724002425504r2019-12-31 00:00:00tc.2w2019-12-31yTESIS 00104054718TESISaBCbBCd2014-10-21fTESISl0oTesisp33724002425545r2019-12-31 00:00:00w2019-12-31yTESISzRecien adquirido